| 000 | 01442nam a22003737a 4500 | ||
|---|---|---|---|
| 001 | vtls000012597 | ||
| 003 | ES-BaIT | ||
| 005 | 20220514062521.0 | ||
| 007 | t| | ||
| 008 | 200210s1985 spc|||||| |00| |cat|d | ||
| 010 | _a12597 | ||
| 020 | _a8429722599 | ||
| 035 |
_a0012-59760 _9 ES-BaIT035 |
||
| 039 | 9 |
_a202002101529 _bVLOAD _c201403072159 _dVLOAD _c201303091855 _dVLOAD _y201110052243 _zVLOAD |
|
| 080 | _a849.9-2"19" | ||
| 100 |
_aBenet i Jornet, Josep M., _d1940-2020 _9154369 |
||
| 245 | 1 | 0 |
_aDins la catedral : _bJosafat ; seguit de Rosa, o, El primer teatre / _cJosep M. Benet i Jornet |
| 260 |
_aBarcelona : _bEdicions 62, _c1985 |
||
| 300 |
_a57 p.; _c18 cm |
||
| 490 | 1 |
_aEls Llibres de l'escorpí. _pTeatre _967079 |
|
| 490 | 1 |
_aEl Galliner ; _v86 _967080 |
|
| 500 | _a849.9-2"19"BEN 3 DIN | ||
| 590 | _a0012-59760 | ||
| 830 | 4 |
_aEls Llibres de l'escorpí. _pTeatre _967079 |
|
| 830 | 3 |
_aEl Galliner ; _v86 _967080 |
|
| 917 | _aFALTA MATÈRIA | ||
| 949 |
_AVIRTUAITEM _D10040 _G10040 _X1 _61900021649 _a849 BENE din _oR.27.639 |
||
| 949 |
_AVIRTUAITEM _D10000 _G10000 _X1 _61900021650 _aN-34246 _oR.27.640 |
||
| 949 |
_AVIRTUAITEM _D40021 _G40021 _X1 _61900000509 _a849 BENE din _oR.3.442 |
||
| 949 |
_AVIRTUAITEM _D40021 _G40021 _X1 _61900000510 _a849 BENE din _oR.3.469 |
||
| 949 |
_AVIRTUAITEM _D50000 _G50000 _X1 _61900003341 _a849 BENE din _oR.1.368 |
||
| 949 |
_AVIRTUAITEM _D10000 _G10000 _X1 _61001802901 _a18.029-N |
||
| 999 |
_c10575 _d10575 |
||
| 040 |
_aES-BaIT _bcat |
||